Venezuela Players Biggest Transfers - Statistics

General Stats
  • This quiz has been taken 34 times
  • The average score is 28 of 62
Answer Stats
Player From Joined % Correct
ST Salomon Rondon 19/20 West Bromwich Albion Dalian Pro
96%
ST Salomon Rondon 13/14 Rubin Kazan Zenit
96%
ST Salomon Rondon 15/16 Zenit West Bromwich Albion
96%
ST Salomon Rondon 12/13 Malaga Rubin Kazan
96%
ST Salomon Rondon 10/11 Las Palmas Malaga
96%
ST Salomon Rondon 18/19 West Bromwich Albion Newcastle United
96%
LM Juan Arango 09/10 Mallorca Borussia Monchengladbach
71%
ST Josef Martinez 16/17 Torino Atlanta United
63%
ST Josef Martinez 14/15 Young Boys Torino
63%
DM Tomas Rincon 16/17 Genoa Juventus
63%
DM Tomas Rincon 18/19 Juventus Torino
63%
DM Tomas Rincon 17/18 Juventus Torino
63%
LW Darwin Machis 19/20 Udinese Granada
58%
LW Darwin Machis 22/23 Granada Juarez
58%
RW Jeffren 11/12 Barcelona Sporting CP
58%
CM Yangel Herrera 23/24 Manchester City Girona
58%
CM Yangel Herrera 16/17 Atletico Venezuela Manchester City
58%
LW Yeferson Soteldo 20/21 Santos Toronto
58%
LW Yeferson Soteldo 23/24 Tigres UANL Santos
58%
LW Yeferson Soteldo 18/19 Huachipato Santos
58%
LW Yeferson Soteldo 16/17 Zamora Huachipato
58%
LW Yeferson Soteldo 17/18 Huachipato Universidad de Chile
58%
LW Adalberto Penaranda 15/16 Udinese Watford
54%
AM Alejandro Guerra 16/17 Atletico Nacional Palmeiras
46%
AM Romulo Otero 17/18 Atletico Mineiro Al-Wehda
46%
AM Romulo Otero 16/17 Huachipato Atletico Mineiro
46%
AM Romulo Otero 15/16 Caracas Huachipato
46%
CB Yordan Osorio 20/21 Porto Parma
46%
CB Yordan Osorio 18/19 Tondela Porto
46%
CB Yordan Osorio 19/20 Porto Zenit
46%
GK Wuilker Farinez 21/22 Millonarios Lens
42%
CM Cristian Casseres 23/24 New York Red Bulls Toulouse
38%
ST Fernando Aristeguieta 13/14 Caracas Nantes
38%
ST Jan Hurtado 19/20 Gimnasia Boca Juniors
38%
RW Jefferson Savarino 21/22 Atletico Mineiro Real Salt Lake
38%
RW Jefferson Savarino 19/20 Real Salt Lake Atletico Mineiro
38%
RB Roberto Rosales 10/11 Gent Twente
38%
RB Roberto Rosales 19/20 Malaga Leganes
38%
AM Ronald Vargas 11/12 Club Brugge Anderlecht
38%
AM Ronald Vargas 08/09 Caracas Club Brugge
38%
ST Alejandro Marques 19/20 Barcelona Juventus
33%
ST Eric Ramirez 21/22 Dunajska Streda Dynamo Kyiv
29%
CB Jhon Chancellor 19/20 Al-Ahli (Qatar) Brescia
29%
ST Jhonder Cadiz 19/20 Vitoria Setubal Benfica
29%
ST Kevin Kelsy 22/23 Boston River Shakhtar Donetsk
29%
ST Miku Fedor 13/14 Getafe Al-Gharafa
29%
ST Sergio Cordova 22/23 Augsburg Vancouver Whitecaps
29%
ST Sergio Cordova 23/24 Vancouver Whitecaps Alanyaspor
29%
ST Sergio Cordova 17/18 Caracas Augsburg
29%
ST Ernesto Torregrossa 21/22 Brescia Sampdoria
25%
ST Ernesto Torregrossa 22/23 Sampdoria Pisa
25%
ST Gelmin Rivas 15/16 Tachira Al-Ittihad
25%
ST Gelmin Rivas 16/17 Al-Ittihad Sharjah
25%
ST Anthony Blondell 17/18 Monagas Vancouver Whitecaps
21%
ST Anthony Blondell 19/20 Vancouver Whitecaps Huachipato
21%
DM Aristoteles Romero 17/18 Mineros Crotone
21%
SS Massimo Margiotta 01/02 Udinese Vicenza
21%
RW Brayan Palmezano 18/19 Zulia Huachipato
17%
ST Jeriel de Santis 20/21 Caracas Boavista
17%
ST Jose Riasco 21/22 Deportivo la Guaira Philadelphia Union
8%
RM Yobanny Rivero 01/02 Trujillanos Caracas
8%
RM Yobanny Rivero 00/01 Caracas Trujillanos
8%
No matching quizzes found
Score Distribution
Percent of People with Each Score
Percentile by Number Answered
Your Score History
You have not taken this quiz